000 01431nam a2200337Ia 4500
008 241007s2024 sp 000 0 spa d
041 _aspa
110 2 _aCCOO
_bConfederación Sindical
_927927
245 1 0 _aManifiesto de las Confederaciones Sindicales de Comisiones Obreras y de la Unión General de Trabajadoras y Trabajadores por el 1 de Octubre, Día Internacional de las Personas Mayores
_c/ CCOO, UGT
260 _a[Madrid] :
_bCCOO, Confederación Sindical:
_bUGT, Comisión Ejecutiva Confederal,
_c2024
300 _a4 p. ;
_c30 cm
500 _aManifiesto conjunto con motivo del Día internacional de las Personas Mayores 2024
650 0 _aPERSONAS DE EDAD AVANZADA
_9866
650 0 _aASISTENCIA MEDICA
_9556
650 0 _aPROTECCION SOCIAL
_962
650 0 _aSEGURIDAD SOCIAL
_916
650 0 _aPRESTACIONES DE VEJEZ
_9348
650 0 _aATENCION A LA DEPENDENCIA
_917851
650 0 _aPRESTACION DE CUIDADOS
_930122
650 0 _aECONOMIA DEL CUIDADO
_937675
650 0 _aIGUALDAD DE GENERO
_95513
650 0 _aJUBILADO
_97275
650 0 _aJUBILACION
_91014
650 0 _aDIALOGO SOCIAL
_913959
650 0 _aDIA INTERNACIONAL DE LAS PERSONAS DE EDAD
_939767
650 0 _aACTITUD SINDICAL
_961
710 2 _aUGT
_bComisión Ejecutiva Confederal
_95104
856 _zPDF
_uhttps://docpublicos.ccoo.es/cendoc/069442Manifiesto1Octubre.pdf
907 _aINTERNOpoliticasPublicas
942 _cDOCU_ELEC
_2ddc
999 _c60607
_d60607